[Event "41st Olympiad Women 2014"]
[Site "Tromso NOR"]
[Date "2014.08.11"]
[Round "9.6"]
[Board "2"]
[White "Hoang, Thi Nhu Y"]
[Black "Foisor, Cristina-Adela"]
[Result "0-1"]
[WhiteTitle "WIM"]
[BlackTitle "IM"]
[WhiteElo "2269"]
[BlackElo "2404"]
[WhiteTeam "Vietnam"]
[BlackTeam "Romania"]
[WhiteFideId "12401455"]
[BlackFideId "1200496"]
[EventDate "2014.08.02"]

1. c4 g6 2. Nf3 Bg7 3. g3 c5 4. Bg2 Nc6 5. O-O b6 6. Nc3 Bb7 7. a3 d6 8. Rb1 Qd7
9. e3 e6 10. d4 Nge7 11. b4 O-O 12. Ne2 Rfd8 13. Qb3 Rab8 14. Bd2 cxd4 15. exd4
Nf5 16. Bc3 Nce7 17. Rfd1 b5 18. c5 Bd5 19. Qb2 Qb7 20. Ne1 Bxg2 21. Nxg2 Nd5
22. Be1 dxc5 23. bxc5 Qa6 24. g4 Nfe7 25. Qb3 Nc6 26. Ne3 b4 27. Nxd5 Qxe2 28.
Ne3 Bxd4 29. axb4 Bxe3 30. Rxd8+ Rxd8 31. Qxe3 Qxg4+ 32. Qg3 Qe4 33. Rc1 Nd4 34.
Qc7 Ne2+ 35. Kf1 Rd5 36. Ra1 Nf4 37. Qb8+ Kg7 38. Bc3+ e5 0-1

[Event "41st Olympiad Women 2014"]
[Site "Tromso NOR"]
[Date "2014.08.11"]
[Round "9.6"]
[Board "3"]
[White "Bulmaga, Irina"]
[Black "Hoang, Thi Bao Tram"]
[Result "1-0"]
[WhiteTitle "IM"]
[BlackTitle "WGM"]
[WhiteElo "2354"]
[BlackElo "2329"]
[WhiteTeam "Romania"]
[BlackTeam "Vietnam"]
[WhiteFideId "13903063"]
[BlackFideId "12401102"]
[EventDate "2014.08.02"]

1. e4 e5 2. Nf3 Nf6 3. Nxe5 d6 4. Nf3 Nxe4 5. d4 Be7 6. Bd3 Nf6 7. O-O Bg4 8. h3
Bh5 9. c4 c6 10. Re1 O-O 11. Qb3 Qc7 12. Nh4 Re8 13. g4 Bg6 14. Nxg6 hxg6 15.
Bf4 Nbd7 16. Nd2 Qb6 17. Nf3 Nf8 18. Bg3 N8d7 19. Qc2 Nh7 20. h4 Nhf8 21. g5 Ne6
22. Bxg6 Nxd4 23. Nxd4 Qxd4 24. Qf5 fxg6 25. Qxd7 Rad8 26. Qxb7 Bf8 27. Qxc6
Qxb2 28. Rxe8 Qxa1+ 29. Kh2 Rxe8 30. Qxe8 Qb2 31. Qe6+ Kh7 32. Qf7 Qb8 33. h5
Qd8 34. hxg6+ Kh8 35. Qf5 1-0

[Event "41st Olympiad Women 2014"]
[Site "Tromso NOR"]
[Date "2014.08.11"]
[Round "9.6"]
[Board "4"]
[White "Luong, Phuong Hanh"]
[Black "Cosma, Elena-Luminita"]
[Result "1-0"]
[BlackTitle "WGM"]
[WhiteElo "2171"]
[BlackElo "2327"]
[WhiteTeam "Vietnam"]
[BlackTeam "Romania"]
[WhiteFideId "12401013"]
[BlackFideId "1201590"]
[EventDate "2014.08.02"]

1. b3 d5 2. Bb2 e6 3. Nf3 Nf6 4. e3 Be7 5. Ne5 Nbd7 6. f4 Nxe5 7. fxe5 Nd7 8.
Qg4 O-O 9. Be2 f5 10. Qf3 a5 11. a4 b6 12. d4 Ba6 13. Bxa6 Rxa6 14. O-O c6 15.
Ba3 Ra8 16. c4 Rc8 17. Rc1 Bb4 18. Bxb4 axb4 19. Nd2 Rc7 20. Rc2 Nb8 21. Qe2 f4
22. Nf3 fxe3 23. Qxe3 h6 24. Rac1 Rcf7 25. Qd2 dxc4 26. Rxc4 Qd5 27. Qxb4 Rxf3
28. gxf3 Qxf3 29. Qc3 Qf2+ 30. Kh1 Qe2 31. Qh3 Rf3 32. Qxe6+ Kh7 33. Rg1 g5 34.
Qg4 Qd3 35. Qg2 Qxb3 36. Qc2+ Qxc2 37. Rxc2 Rd3 38. Rc4 Kg7 39. Rb1 Nd7 40. e6
Nf6 41. Rxc6 Rxd4 42. Re1 Ne4 43. e7 Kf7 44. e8=Q+ 1-0

[Event "41st Olympiad Women 2014"]
[Site "Tromso NOR"]
[Date "2014.08.11"]
[Round "9.7"]
[Board "1"]
[White "Paehtz, Elisabeth"]
[Black "Hoang, Thanh Trang"]
[Result "1-0"]
[WhiteTitle "IM"]
[BlackTitle "GM"]
[WhiteElo "2464"]
[BlackElo "2485"]
[WhiteTeam "Germany"]
[BlackTeam "Hungary"]
[WhiteFideId "4641833"]
[BlackFideId "12400149"]
[EventDate "2014.08.02"]

1. Nf3 f5 2. c4 Nf6 3. g3 g6 4. Bg2 Bg7 5. d4 O-O 6. O-O d6 7. Nc3 c6 8. Rb1 Na6
9. b4 Nc7 10. a4 Rb8 11. b5 Be6 12. Qb3 Kh8 13. Rd1 Bg8 14. Ba3 a6 15. b6 Ne6
16. d5 cxd5 17. cxd5 Nc5 18. Bxc5 dxc5 19. Ng5 Qc8 20. Rbc1 Ne8 21. Nb1 Nd6 22.
Nd2 h6 23. Ne6 Bxe6 24. dxe6 f4 25. Ne4 c4 26. Qc2 Qxe6 27. Nxd6 exd6 28. Qxc4
d5 29. Bxd5 Qxb6 30. Bf3 fxg3 31. hxg3 Qf6 32. Rd5 g5 33. g4 Qe6 34. Qd3 b5 35.
Rd6 Qe5 36. Rcc6 Rf6 37. Rxf6 Bxf6 38. Qg6 Bg7 39. Be4 Kg8 40. axb5 axb5 41. Re6
Qd4 42. Qh7+ Kf8 43. Qf5+ Kg8 44. e3 Qc3 45. Rc6 Qa1+ 46. Kg2 Re8 47. Bd5+ Kh8
48. Rc8 Qe5 49. Qxe5 Rxc8 50. Qe6 Rf8 51. Qb6 1-0

[Event "41st Olympiad Women 2014"]
[Site "Tromso NOR"]
[Date "2014.08.11"]
[Round "9.7"]
[Board "2"]
[White "Madl, Ildiko"]
[Black "Schleining, Zoya"]
[Result "1-0"]
[WhiteTitle "IM"]
[BlackTitle "WGM"]
[WhiteElo "2347"]
[BlackElo "2369"]
[WhiteTeam "Hungary"]
[BlackTeam "Germany"]
[WhiteFideId "700550"]
[BlackFideId "4671660"]
[EventDate "2014.08.02"]

1. e4 c5 2. Nf3 Nc6 3. d4 cxd4 4. Nxd4 Qc7 5. Nc3 e6 6. f4 a6 7. Nxc6 Qxc6 8.
Bd3 b5 9. Qe2 Bb7 10. Bd2 Bc5 11. a3 Ne7 12. O-O-O Bd4 13. Rhf1 O-O 14. Kb1 Qb6
15. g4 Bc6 16. Na2 a5 17. c3 Bc5 18. f5 f6 19. h4 exf5 20. gxf5 Rae8 21. Qg4 Kh8
22. Rde1 Ng8 23. Re2 Re7 24. Bf4 b4 25. axb4 axb4 26. cxb4 Bxb4 27. Nxb4 Qxb4
28. Qg3 Ra8 29. Bd6 Qa4 30. Bxe7 Qa1+ 31. Kc2 Ba4+ 32. Kc3 Rc8+ 33. Kd4 Qxf1 34.
Re1 Qxe1 35. Qxe1 Nxe7 36. Qa1 Nc6+ 37. Ke3 Bb3 38. Bb5 Ne5 39. Qa3 Bf7 40. b4
h6 41. Be2 Rb8 42. Qc3 d5 43. b5 dxe4 44. Qc7 Re8 45. Kd4 Kh7 46. b6 Rd8+ 47.
Kxe4 Bd5+ 48. Ke3 Rd7 49. Qc8 Bb7 50. Qe8 Bc6 51. Qf8 Rb7 52. Qc5 Be8 53. Qf8
Bd7 54. Qc5 Bc6 55. Kf4 Bh1 56. Qg1 Bc6 57. Ba6 Rd7 58. Qa1 Rd2 59. Ke3 Rd7 60.
Qc3 Bb7 61. Bb5 Re7 62. Kf4 Bh1 63. Qd4 Bg2 64. Kg3 Bh1 65. Ba4 Bb7 66. Qd8 Rf7
67. Bb3 Be4 68. Bxf7 Nxf7 69. Qe7 Ne5 70. b7 Bxb7 71. Qxb7 Kg8 72. Qe7 Kh8 73.
Kf4 Kg8 74. Ke4 Kh7 75. Kd5 Nf3 76. Qe4 Ne5 77. Ke6 Kg8 78. Ke7 Kh7 79. h5 Kh8
80. Qf4 1-0

[Event "41st Olympiad Women 2014"]
[Site "Tromso NOR"]
[Date "2014.08.11"]
[Round "9.7"]
[Board "3"]
[White "Melamed, Tatjana"]
[Black "Gara, Anita"]
[Result "1/2-1/2"]
[WhiteTitle "WGM"]
[BlackTitle "IM"]
[WhiteElo "2364"]
[BlackElo "2327"]
[WhiteTeam "Germany"]
[BlackTeam "Hungary"]
[WhiteFideId "14102145"]
[BlackFideId "709751"]
[EventDate "2014.08.02"]

1. e4 c5 2. c3 d5 3. exd5 Qxd5 4. d4 Nf6 5. Nf3 e6 6. Bd3 Be7 7. O-O Nc6 8. Na3
O-O 9. Nb5 Qd8 10. dxc5 Bxc5 11. Bg5 a6 12. Nbd4 Nxd4 13. Nxd4 h6 14. Bh4 Bd7
15. Bc2 Be7 16. Qd3 g6 17. Rfe1 Nh5 18. Bxe7 Qxe7 19. Qf3 Rab8 20. Re5 Qf6 21.
Qe3 Nf4 22. Re1 Kg7 23. Qg3 Rbc8 24. Nf5+ exf5 25. Qxf4 Rfe8 26. Rxe8 Rxe8 27.
Rxe8 Bxe8 28. Qe3 Bc6 29. Bb3 f4 30. Qd4 Qxd4 31. cxd4 g5 32. f3 Kf6 33. Kf2 Ke7
34. g3 f6 35. gxf4 gxf4 36. Bc4 Kd6 37. Ke2 a5 38. a3 b6 39. Bd3 Bd7 40. Be4
Bb5+ 41. Kd2 Bc4 42. Kc3 b5 43. b3 Be6 44. h4 Bd7 45. Bb7 Be8 46. Ba8 f5 47. b4
a4 48. Bb7 Bf7 49. Ba8 Bd5 50. Bxd5 Kxd5 51. Kd3 h5 1/2-1/2

[Event "41st Olympiad Women 2014"]
[Site "Tromso NOR"]
[Date "2014.08.11"]
[Round "9.7"]
[Board "4"]
[White "Gara, Ticia"]
[Black "Hoolt, Sarah"]
[Result "0-1"]
[WhiteTitle "WGM"]
[BlackTitle "WGM"]
[WhiteElo "2321"]
[BlackElo "2318"]
[WhiteTeam "Hungary"]
[BlackTeam "Germany"]
[WhiteFideId "717444"]
[BlackFideId "24606812"]
[EventDate "2014.08.02"]

1. e4 c5 2. Nf3 e6 3. d4 cxd4 4. Nxd4 Nc6 5. Nc3 a6 6. Be2 d6 7. O-O Nf6 8. Be3
Be7 9. f4 O-O 10. Kh1 Bd7 11. Qe1 Nxd4 12. Bxd4 b5 13. a3 Bc6 14. Qg3 Qb8 15.
Rfd1 Qb7 16. Bd3 g6 17. e5 Nh5 18. Qg4 Rad8 19. Ne2 Ng7 20. c3 Nf5 21. Bxf5 exf5
22. Qh3 Rfe8 23. Re1 Bf8 24. Rad1 dxe5 25. fxe5 Bg7 26. Qg3 Be4 27. Nf4 Rd7 28.
Nd3 Rde7 29. Nc5 Qc6 30. e6 f6 31. Re2 Bd5 32. Rde1 Bc4 33. Rd2 Bxe6 34. Rde2
Kf7 35. h3 g5 36. Nxe6 Rxe6 37. Rxe6 Rxe6 38. Rxe6 Qxe6 39. Qc7+ Kg6 40. Qd8 h5
41. Bf2 Qe4 42. Kh2 f4 43. Qd1 Qf5 44. h4 g4 45. g3 Bh6 46. gxf4 Bxf4+ 47. Bg3
Be3 48. a4 Qe4 49. axb5 axb5 50. Qb3 Kg7 51. Qd1 Bc5 52. Qd2 Kh7 53. Qd7+ Kg6
54. Qd2 Qe3 55. Qd1 f5 56. b4 f4 57. bxc5 Qxg3+ 58. Kh1 Qxh4+ 59. Kg1 Qg3+ 60.
Kf1 Qh3+ 61. Kg1 Qe3+ 62. Kf1 Qxc5 63. Qd3+ Kh6 64. Qd8 Qxc3 65. Qf8+ Kg5 66.
Qd8+ Qf6 67. Qd5+ Kh6 68. Qxb5 h4 69. Qd7 g3 70. Kg2 f3+ 71. Kh3 f2 72. Qd2+ Kg6
73. Kg4 Qf5+ 74. Kxh4 Qh5+ 75. Kxg3 f1=N+ 0-1

[Event "41st Olympiad Women 2014"]
[Site "Tromso NOR"]
[Date "2014.08.11"]
[Round "9.8"]
[Board "1"]
[White "Socko, Monika"]
[Black "Munguntuul, Batkhuyag"]
[Result "0-1"]
[WhiteTitle "GM"]
[BlackTitle "IM"]
[WhiteElo "2470"]
[BlackElo "2410"]
[WhiteTeam "Poland"]
[BlackTeam "Mongolia"]
[WhiteFideId "1106619"]
[BlackFideId "4900758"]
[EventDate "2014.08.02"]

1. d4 d5 2. c4 c6 3. e3 Nf6 4. Nc3 Bf5 5. cxd5 cxd5 6. Qb3 Bc8 7. f4 Nc6 8. Nf3
e6 9. Bd3 Be7 10. O-O O-O 11. Bd2 Ne8 12. Rac1 Nd6 13. Ne5 Bd7 14. Na4 Nxe5 15.
fxe5 Nc4 16. Bxc4 dxc4 17. Qd1 Bc6 18. Nc3 Kh8 19. Qg4 b5 20. Rf2 Qd7 21. Rcf1
f5 22. exf6 gxf6 23. Ne2 Rg8 24. Qh3 b4 25. Nf4 f5 26. Qh6 Rae8 27. h4 Rg4 28.
Be1 Reg8 29. d5 Bxd5 30. Rd2 Bf8 31. Qh5 Bc5 32. Nxd5 exd5 33. Kh1 Bxe3 34. Re2
d4 35. Rxf5 Qe8 36. Qxe8 Rxe8 37. h5 d3 38. Rxe3 Rxe3 39. Bxb4 h6 40. Rf6 Re2
41. Bc3 Kg8 42. Rxh6 d2 43. Rh8+ Kf7 44. Rh7+ Ke6 45. Bxd2 Rxd2 46. h6 Rgxg2 47.
Rh8 Rh2+ 48. Kg1 Rdg2+ 49. Kf1 Rxb2 0-1

[Event "41st Olympiad Women 2014"]
[Site "Tromso NOR"]
[Date "2014.08.11"]
[Round "9.8"]
[Board "2"]
[White "Batchimeg, Tuvshintugs"]
[Black "Zawadzka, Jolanta"]
[Result "0-1"]
[WhiteTitle "WGM"]
[BlackTitle "WGM"]
[WhiteElo "2346"]
[BlackElo "2398"]
[WhiteTeam "Mongolia"]
[BlackTeam "Poland"]
[WhiteFideId "4900839"]
[BlackFideId "1122320"]
[EventDate "2014.08.02"]

1. d4 d5 2. c4 e6 3. Nf3 Nf6 4. Nc3 Bb4 5. cxd5 exd5 6. Bg5 h6 7. Bh4 Nbd7 8. e3
g5 9. Bg3 Ne4 10. Qb3 c5 11. dxc5 Qa5 12. a3 Bxc3+ 13. bxc3 Qxc5 14. c4 O-O 15.
cxd5 Ndf6 16. Bd3 Bg4 17. Be5 Qa5+ 18. Qb4 Qxd5 19. Bc4 Qd7 20. h3 Bxf3 21. gxf3
Qf5 22. f4 Rad8 23. Be2 Nd5 24. Qb2 f6 25. Bg4 Qh7 26. Be6+ Kh8 27. Rd1 fxe5 28.
Rxd5 Rxd5 29. Bxd5 Nf6 30. Qxe5 gxf4 31. e4 Qg7 32. Kf1 Nxd5 33. Qxg7+ Kxg7 34.
exd5 Rf5 35. Ke2 Rxd5 36. Rc1 Kf6 37. Rc7 Ra5 38. Rc3 Ke5 39. Rb3 b5 40. Kf3 h5
41. Rc3 Kd4 42. Rb3 Kc4 43. Rb4+ Kc5 44. Rb3 Ra4 45. Rd3 Kc4 46. Ke4 Ra6 47. Rf3
Rf6 48. Ke5 Rf8 49. Ke6 Kd4 50. Rb3 a6 51. Ke7 Rc8 52. Kf6 Rc2 53. Rb4+ Rc4 54.
Kg5 Ke4 55. Kxh5 Kf5 56. Rb3 Rc8 57. Kh6 Rc2 58. f3 Rh2 59. a4 Rxh3+ 60. Kg7
bxa4 61. Ra3 Kg5 62. Kf7 Kh4 63. Kg6 Kg3 64. Rxa4 Kxf3 65. Kg5 Kg3 66. Rxa6 f3
67. Ra3 Rh8 68. Kf5 Kg2 69. Kf4 Rf8+ 70. Kg4 Rb8 0-1

[Event "41st Olympiad Women 2014"]
[Site "Tromso NOR"]
[Date "2014.08.11"]
[Round "9.8"]
[Board "3"]
[White "Szczepkowska-Horowska, Karina"]
[Black "Bayarmaa, Bayarjargal"]
[Result "1-0"]
[WhiteTitle "WGM"]
[BlackTitle "WFM"]
[WhiteElo "2380"]
[BlackElo "2109"]
[WhiteTeam "Poland"]
[BlackTeam "Mongolia"]
[WhiteFideId "1122681"]
[BlackFideId "4900260"]
[EventDate "2014.08.02"]

1. e4 c5 2. Nf3 e6 3. d4 cxd4 4. Nxd4 Nf6 5. Nc3 d6 6. Be2 a6 7. O-O Nbd7 8. f4
Qc7 9. a4 b6 10. Kh1 Bb7 11. Bd3 Be7 12. Qe2 O-O 13. Bd2 Rfe8 14. Rae1 Bf8 15.
e5 Nd5 16. Ne4 dxe5 17. fxe5 Qxe5 18. Qf2 N7f6 19. Ng5 Qc7 20. c4 Nb4 21. Bb1 h6
22. Ngf3 e5 23. Nf5 e4 24. N3d4 Nh7 25. Bf4 Qxc4 26. Qg3 h5 27. Be5 g6 28. Nh4
Bg7 29. Bxg7 Kxg7 30. Ndf5+ Kh8 31. Nd6 Qc6 32. Rxf7 g5 33. Rxb7 Re6 34. Nf7+
Kg8 35. Nxg5 Qxb7 36. Nxe6+ Kf7 37. Qg7+ 1-0

[Event "41st Olympiad Women 2014"]
[Site "Tromso NOR"]
[Date "2014.08.11"]
[Round "9.8"]
[Board "4"]
[White "Ankhchimeg, Bayanmunkh"]
[Black "Bartel, Marta"]
[Result "1/2-1/2"]
[WhiteTitle "WIM"]
[BlackTitle "WGM"]
[WhiteElo "2123"]
[BlackElo "2359"]
[WhiteTeam "Mongolia"]
[BlackTeam "Poland"]
[WhiteFideId "4900600"]
[BlackFideId "1123009"]
[EventDate "2014.08.02"]

1. e4 c5 2. c3 d6 3. d4 Nf6 4. dxc5 Nc6 5. Qc2 dxc5 6. Nf3 Qc7 7. Be3 e6 8. h3
Be7 9. Bd3 b6 10. O-O Bb7 11. Nbd2 O-O 12. Bg5 h6 13. Bh4 Rad8 14. Rfe1 e5 15.
a4 Nh5 16. Nc4 Nf4 17. Bxe7 Qxe7 18. Bf1 Bc8 19. Rad1 Qf6 20. Rxd8 Rxd8 21. Nh2
Qg6 22. Kh1 Be6 23. Ne3 Qf6 24. Rd1 h5 25. Bb5 Na5 26. Rxd8+ Qxd8 27. b4 cxb4
28. cxb4 Nb3 29. Nf3 Nd4 30. Qd2 Qf6 31. Nxd4 exd4 32. Nf5 Qg5 33. Bf1 Bxf5 34.
exf5 Qxf5 35. Qxd4 Ne6 36. Qd2 Qb1 37. Kg1 g6 38. g3 Qa1 39. a5 Kg7 40. Kg2 Qe5
41. h4 Nd4 42. Qc3 Kh7 43. Kh2 Qf6 44. Qe3 Nf3+ 45. Kg2 Ne5 46. Be2 Qd6 47. a6
Kg7 48. Bf3 Nd3 49. b5 Nc5 50. Qg5 Qf6 51. Qd5 Qb2 52. Qc4 Qe5 53. Qd5 Qc3 54.
Qd6 Nd3 55. Be4 Ne5 56. Bc6 Qb2 57. Qd5 Ng4 58. Qf3 Qd4 59. Be8 Qf6 60. Qe2 Ne5
61. f4 Ng4 62. Bd7 Qd4 63. Bxg4 hxg4 64. Qxg4 Qb2+ 65. Kh3 Qxb5 66. Qc8 Qf1+ 67.
Kh2 Qf2+ 68. Kh3 Qf1+ 69. Kh2 Qe2+ 70. Kh1 Qf3+ 71. Kh2 b5 72. Qc5 Qe2+ 73. Kh3
Qe6+ 74. Kg2 Qxa6 75. Qe5+ Kh7 76. Qd5 Kg8 77. Qd8+ Kg7 78. Qd4+ Qf6 79. Qxa7 b4
80. Qb8 Qb2+ 81. Kh3 b3 82. h5 gxh5 83. Qb5 Kf8 84. Qc5+ Ke8 85. Qc6+ Ke7 86.
Qc5+ Ke6 87. Qc6+ Ke7 88. Qc5+ Kd7 89. Qd5+ Ke8 90. Qc6+ Kf8 91. Qc5+ Kg8 92.
Qg5+ Qg7 93. Qd8+ Qf8 94. Qg5+ Qg7 95. Qd8+ Kh7 96. Qd3+ Qg6 97. Qxb3 Qg4+ 98.
Kh2 Qe2+ 1/2-1/2

[Event "41st Olympiad Women 2014"]
[Site "Tromso NOR"]
[Date "2014.08.11"]
[Round "9.9"]
[Board "1"]
[White "Sukandar, Irine Kharisma"]
[Black "Dzagnidze, Nana"]
[Result "0-1"]
[WhiteTitle "WGM"]
[BlackTitle "GM"]
[WhiteElo "2396"]
[BlackElo "2550"]
[WhiteTeam "Indonesia"]
[BlackTeam "Georgia"]
[WhiteFideId "7101937"]
[BlackFideId "13601903"]
[EventDate "2014.08.02"]

1. e4 c5 2. Nf3 d6 3. Bb5+ Bd7 4. Bxd7+ Nxd7 5. O-O Ngf6 6. Qe2 Qc7 7. c3 Ne5 8.
d4 Nxf3+ 9. Qxf3 e6 10. Re1 Be7 11. e5 dxe5 12. dxe5 Nd5 13. Nd2 O-O 14. Qg3
Rad8 15. Ne4 Kh8 16. Bd2 Nb6 17. Bf4 c4 18. Qg4 Rd3 19. Bg3 Na4 20. Re2 b5 21.
f4 Rfd8 22. Rae1 Nc5 23. Nf2 Rd2 24. f5 Rxe2 25. Rxe2 Qb6 26. f6 gxf6 27. exf6
Bxf6 28. Qf3 Kg7 29. Bf4 Rd5 30. Bh6+ Kg6 31. Be3 Qd6 32. Rd2 h5 33. Rxd5 exd5
34. Nh3 Nd3 35. Bf4 Qe6 36. Bd2 Qg4 37. Qf1 a5 38. Kh1 b4 39. Ng1 Qd1 0-1

[Event "41st Olympiad Women 2014"]
[Site "Tromso NOR"]
[Date "2014.08.11"]
[Round "9.9"]
[Board "2"]
[White "Khotenashvili, Bela"]
[Black "Aulia, Medina Warda"]
[Result "1/2-1/2"]
[WhiteTitle "GM"]
[BlackTitle "WGM"]
[WhiteElo "2494"]
[BlackElo "2397"]
[WhiteTeam "Georgia"]
[BlackTeam "Indonesia"]
[WhiteFideId "13602640"]
[BlackFideId "7101570"]
[EventDate "2014.08.02"]

1. d4 e6 2. c4 Nf6 3. g3 d5 4. Nf3 c5 5. cxd5 cxd4 6. Qxd4 Nxd5 7. Bg2 Nc6 8.
Qc4 Bd7 9. O-O Rc8 10. Nc3 b5 11. Qe4 Ncb4 12. Ne5 Bd6 13. Nxd7 Rc4 14. Qf3 Qxd7
15. Nxd5 Nxd5 16. Rd1 Qc7 17. Qd3 Be5 18. Bxd5 exd5 19. Qxd5 O-O 20. Qxb5 Rb8
21. Qd5 Rc2 22. Qe4 h6 23. Rb1 Rc8 24. a3 h5 25. b4 Ra2 26. Be3 Qb8 27. Rd5 Re8
28. Qc4 Rxa3 29. Rd7 Re6 30. Rbd1 Bf6 31. Rc7 Rc3 32. Qxc3 Bxc3 33. Rxc3 Qxb4
34. Rc8+ Kh7 35. Rc7 Qb3 36. Rd3 Qb1+ 37. Kg2 Rf6 38. h4 Qe1 39. Rc2 Qb1 40. Rc5
Qb7+ 41. Kh2 Qa8 42. Rxh5+ Kg8 43. Rhd5 Kh7 44. Ra5 a6 45. Rh5+ Kg8 46. Rg5 Re6
47. Rd4 Re4 48. Rd6 Qb8 49. Rd4 Rxd4 50. Bxd4 g6 51. Rd5 Qa8 52. Rd6 f6 53. Rxf6
Qe4 54. Be3 a5 55. Ra6 a4 56. Bc5 Qc2 57. Bd4 Kf7 58. e4 Qc4 59. Rd6 a3 60. e5
a2 61. Kg2 Qxd4 62. Rxd4 a1=Q 63. Rf4+ Ke7 64. f3 Ke6 65. Rf6+ Kxe5 66. Rxg6
Qa2+ 67. Kh3 Qf7 68. Rg5+ Kd4 69. f4 Ke4 70. Kg4 Qd7+ 71. Kh5 Qh7+ 72. Kg4 Qd7+ 1/2-1/2

[Event "41st Olympiad Women 2014"]
[Site "Tromso NOR"]
[Date "2014.08.11"]
[Round "9.9"]
[Board "3"]
[White "Citra, Dewi Ardhiani Anastasia"]
[Black "Javakhishvili, Lela"]
[Result "0-1"]
[WhiteTitle "WFM"]
[BlackTitle "IM"]
[WhiteElo "2128"]
[BlackElo "2478"]
[WhiteTeam "Indonesia"]
[BlackTeam "Georgia"]
[WhiteFideId "7101244"]
[BlackFideId "13601458"]
[EventDate "2014.08.02"]

1. e4 c5 2. Nf3 e6 3. d4 cxd4 4. Nxd4 a6 5. Nc3 b5 6. Bd3 Qb6 7. Nb3 Qc7 8. O-O
Nf6 9. f4 b4 10. e5 bxc3 11. exf6 Bb7 12. bxc3 gxf6 13. Be3 a5 14. a4 Qxc3 15.
Bd4 Qc6 16. Rf2 Rg8 17. Qd2 Bb4 18. c3 Be7 19. Bxh7 Rh8 20. Bd3 Qd5 21. c4 Qh5
22. g3 Nc6 23. Bb6 Nb4 24. Be2 Qg6 25. Bf3 Rb8 26. f5 Qh7 27. Bc5 Bxf3 28. Rxf3
Nc6 29. Bxe7 Ne5 30. Rc3 Kxe7 31. Rd1 Kf8 32. Nd4 Rb4 33. fxe6 dxe6 34. Nf3
Nxf3+ 35. Rxf3 Kg7 36. Rdf1 Qh6 37. Rf4 Rxc4 38. h4 e5 39. R4f2 Qxd2 40. Rxd2
Rxa4 41. Kg2 Re8 42. Rd6 Re6 43. Rd7 e4 44. Rf2 Kg6 45. Rd5 Ra3 46. Re2 a4 47.
Ra5 f5 48. Ra8 Kg7 49. h5 Kh6 50. Ra5 Kxh5 51. Rxf5+ Kg6 52. g4 Rb3 53. Ra5 a3
54. g5 Rb2 55. Kf2 Rxe2+ 56. Kxe2 a2 57. Rxa2 Kxg5 58. Ke3 f6 59. Ra1 Re8 60.
Rg1+ Kf5 61. Ra1 Re5 62. Rf1+ Ke6 63. Ra1 Kf5 64. Rh1 Kg6 65. Ra1 Re6 66. Rg1+
Kf7 67. Rf1 Re5 68. Ra1 Kg6 69. Rg1+ Rg5 70. Ra1 Rg4 71. Kd4 Kg5 72. Rf1 Rf4 73.
Rg1+ Kf5 74. Ra1 Rf3 75. Ra6 Rd3+ 76. Kc4 Rd8 77. Kc3 Ke5 78. Kc2 f5 79. Ra1 e3
80. Ra7 f4 81. Rf7 Ke4 0-1

[Event "41st Olympiad Women 2014"]
[Site "Tromso NOR"]
[Date "2014.08.11"]
[Round "9.9"]
[Board "4"]
[White "Batsiashvili, Nino"]
[Black "Fisabilillah, Ummi"]
[Result "1-0"]
[WhiteTitle "IM"]
[BlackTitle "WFM"]
[WhiteElo "2435"]
[BlackElo "2029"]
[WhiteTeam "Georgia"]
[BlackTeam "Indonesia"]
[WhiteFideId "13602993"]
[BlackFideId "7104804"]
[EventDate "2014.08.02"]

1. d4 Nf6 2. c4 e6 3. Nc3 Bb4 4. Nf3 O-O 5. Qc2 c5 6. dxc5 Bxc5 7. Bg5 Nc6 8.
Rd1 Qb6 9. e3 Be7 10. Be2 h6 11. Bh4 d5 12. O-O dxc4 13. Bxc4 a6 14. a3 Qc7 15.
Ba2 b5 16. Bb1 g6 17. Bg3 Qb6 18. Nh4 g5 19. Ng6 Re8 20. Nxe7+ Rxe7 21. Rd6 Qc5
22. Nd5 Qxc2 23. Nxf6+ Kg7 24. Bxc2 Kxf6 25. Rxc6 Bb7 26. Rc5 e5 27. Rd1 Rae8
28. e4 Kg6 29. f3 h5 30. Rd6+ f6 31. h4 1-0

[Event "41st Olympiad Women 2014"]
[Site "Tromso NOR"]
[Date "2014.08.11"]
[Round "9.10"]
[Board "3"]
[White "Abrahamyan, Tatev"]
[Black "Stojanovic, Marija R"]
[Result "0-1"]
[WhiteTitle "WGM"]
[BlackTitle "WFM"]
[WhiteElo "2366"]
[BlackElo "2100"]
[WhiteTeam "United States of America"]
[BlackTeam "Montenegro"]
[WhiteFideId "13301918"]
[BlackFideId "931411"]
[EventDate "2014.08.02"]

1. e4 e6 2. d4 d5 3. Nd2 Nf6 4. e5 Nfd7 5. Ngf3 c5 6. c3 cxd4 7. cxd4 Nc6 8. Bd3
Qb6 9. Nb3 Bb4+ 10. Kf1 Be7 11. g3 O-O 12. Kg2 f6 13. exf6 Nxf6 14. Re1 a5 15.
a4 Bd7 16. Bf4 Nb4 17. Bb1 Rac8 18. Ne5 Be8 19. f3 Nd7 20. Nxd7 Bxd7 21. Nc1 Be8
22. Ne2 Bg6 23. Bxg6 hxg6 24. Nc3 Rc4 25. Be5 Bf6 26. Qe2 Bxe5 27. Qxe5 Nc2 28.
Nxd5 Nxe1+ 29. Rxe1 Rc2+ 30. Kh3 exd5 31. Qxd5+ Kh7 32. Re4 Rf5 33. Re8 Rxd5 0-1

[Event "41st Olympiad Women 2014"]
[Site "Tromso NOR"]
[Date "2014.08.11"]
[Round "9.10"]
[Board "4"]
[White "Bacic, Kristina"]
[Black "Nemcova, Katerina"]
[Result "0-1"]
[BlackTitle "WGM"]
[WhiteElo "1801"]
[BlackElo "2315"]
[WhiteTeam "Montenegro"]
[BlackTeam "United States of America"]
[WhiteFideId "16500245"]
[BlackFideId "322750"]
[EventDate "2014.08.02"]

1. d4 Nf6 2. c4 e6 3. Nf3 Bb4+ 4. Bd2 Qe7 5. Nc3 O-O 6. e3 d6 7. a3 Bxc3 8. Bxc3
Ne4 9. Qc2 Nxc3 10. Qxc3 Re8 11. Rd1 Nd7 12. Be2 e5 13. dxe5 dxe5 14. O-O Nf6
15. b4 Bg4 16. Qb2 c5 17. Rfe1 Rac8 18. b5 b6 19. Nd2 Bxe2 20. Rxe2 Rcd8 21. Qc2
Qd6 22. Ree1 Qd3 23. Qa4 Qf5 24. Nb1 h5 25. Nc3 e4 26. Nd5 Nxd5 27. Rxd5 Rxd5
28. cxd5 Qxd5 29. Qxa7 Re6 30. a4 Rg6 31. a5 Qd2 32. Ra1 bxa5 33. Qxa5 Qb2 34.
h3 Kh7 35. Rf1 Qe2 36. b6 Qf3 37. g3 h4 38. Qa2 hxg3 39. fxg3 Rxg3+ 0-1

[Event "41st Olympiad Women 2014"]
[Site "Tromso NOR"]
[Date "2014.08.11"]
[Round "9.11"]
[Board "1"]
[White "Bojkovic, Natasa"]
[Black "Repkova, Eva"]
[Result "1-0"]
[WhiteTitle "IM"]
[BlackTitle "IM"]
[WhiteElo "2425"]
[BlackElo "2358"]
[WhiteTeam "Serbia"]
[BlackTeam "Slovakia"]
[WhiteFideId "908550"]
[BlackFideId "14900440"]
[EventDate "2014.08.02"]

1. e4 e6 2. d4 d5 3. Nd2 Nf6 4. e5 Nfd7 5. Bd3 c5 6. c3 Nc6 7. Ne2 cxd4 8. cxd4
f6 9. exf6 Qxf6 10. Nf3 Bd6 11. Bg5 Qf7 12. Bh4 e5 13. dxe5 Ndxe5 14. Nxe5 Bxe5
15. Qb3 O-O 16. O-O Be6 17. Bg3 Rae8 18. Bxe5 Nxe5 19. Bb5 Rd8 20. Nd4 Bc8 21.
Be2 Rd6 22. Qg3 Nc4 23. b3 Rg6 24. Bh5 Nd2 25. Bxg6 hxg6 26. Rfe1 Ne4 27. Qe3
Qxf2+ 28. Qxf2 Nxf2 29. Rf1 Nd3 30. Rxf8+ Kxf8 31. Rd1 Nb4 32. Rc1 Bg4 33. h3
Bd7 34. Rc7 Ke7 35. Rxb7 Nxa2 36. Rxa7 Nc3 37. Kf2 Kd6 38. Ke3 g5 39. g4 Ne4 40.
b4 Nf6 41. Nf3 1-0